00527nam a2200181Ia 450000500170000000800410001704000190005804100120007708200170008910000180010624500600012426000400018430000200022450400400024465000340028465100170031885000100033520231031111322.0131103s9999 xx 000 0 und d aLoreto College aEnglish a780.954bSIN aSinha,Purnima 3aAn Approach to the Study of Indian MusiccPurnima Sinha aCalcuttabIndian Publicationsc1970 a119 p.b illus. aIncludes bibliographical references aMusic - History and Criticism aIndian Music aLCLIB